• 首页
  • 本馆介绍
  • 公告通知
  • 最新文献
  • 馆藏检索
  • 电子资源
  • 读者导购
  • 参考咨询
  • 我的图书馆
  • 登录
  • 详细信息显示
  • 放入我的书架
  • 预约/预借图书
  • 作者相关作品
  • 分类相关作品
  • 丛书相关作品
  • 出版社相关作品

书目信息

  • 表格格式
  • 工作单格式
  • 卡片格式
题名:
中共路北年鉴
    
 
作者: ;《中共路北年鉴》编纂委员会 编
分册: 2011年卷  
出版信息: 北京   中央文献出版社  2011.12
页数: 611页
开本: 20cm
丛书名:
单 册:
中图分类: K95
科图分类:
主题词: 地理
电子资源:
ISBN: 7-5073-3434-1
000 00691nam0 2200193 450
001 2634354863
005 20260413093524.88
010    @a7-5073-3434-1@dCNY48.00
100    @a20260413d2011 km y0chiy0120 ea
101 0  @achi
102    @aCN@b110000
200 1  @a中共路北年鉴@AZhong Gong Lu Bei Nian Jian@h2011年卷@f《中共路北年鉴》编纂委员会编@F《Zhong Gong Lu Bei Nian Jian》Bian Zuan Wei Yuan Hui Bian
210    @a北京@c中央文献出版社@d2011.12
215    @a611页@d20cm
606 0  @a地理
690    @aK95@v4
711 02 @a《中共路北年鉴》编纂委员会@A《Zhong Gong Lu Bei Nian Jian》Bian Zuan Wei Yuan Hui@4编
801  0 @aCN@b大连网信软件有限公司图书馆·11@c20260413
905    @aZUCC@dK95@eZW102
    
    中共路北年鉴.2011年卷/《中共路北年鉴》编纂委员会编.-北京:中央文献出版社,2011.12
    611页;20cm
    
    
    ISBN 7-5073-3434-1:CNY48.00
    
●
相关链接 在E读中查询图书 在五车中查询图书 在当当中查询图书 在豆瓣中查询图书


正题名:中共路北年鉴     索取号:K95/ZW102         预约/预借

序号 登录号 条形码 馆藏地/架位号 状态 备注
1 7511703   275117035   密集书库-文学院/ [索取号:K95/ZW102] 在馆    
唐山师范学院图书馆 欢迎您!
大连网信软件有限公司© 版权所有